Central Library OPAC University of Rajshahi

شرح جديد للمعلقات الاربعة ;;sharh jadid lilmualaqat alarbia / (Record no. 82665)

MARC details
000 -LEADER
fixed length control field 00735nam a2200229 u 4500
001 - CONTROL NUMBER
control field 82665
003 - CONTROL NUMBER IDENTIFIER
rucl marc code BD-RjUL
005 - DATE AND TIME OF LATEST TRANSACTION
control field 20240117143849.0
008 - FIXED-LENGTH DATA ELEMENTS--GENERAL INFORMATION
fixed length control field 240117s1941 pk || |000 0 urd |
035 ## - SYSTEM CONTROL NUMBER
System control number BD-RjUL)82665
040 ## - CATALOGING SOURCE
Original cataloging agency UkOxU
Transcribing agency UkOxU
Language of cataloging eng
041 0# - LANGUAGE CODE
Language code of text/sound track or separate title ara/urd
082 ## - DEWEY DECIMAL CLASSIFICATION NUMBER
Edition number 23
Classification number 892.71
Author mark and year ISS 1941
100 ## - MAIN ENTRY--PERSONAL NAME
Personal name Ishaq, Muhammad اسحق, محمد
9 (RLIN) 249544
245 10 - TITLE STATEMENT
Title شرح جديد للمعلقات الاربعة ;;sharh jadid lilmualaqat alarbia /
Statement of responsibility, etc. Muhammad Ishaq;; محمد اسحق
260 ## - PUBLICATION, DISTRIBUTION, ETC. (IMPRINT)
Place of publication, distribution, etc. Chattga :
Date of publication, distribution, etc. 1952
Name of publisher, distributor, etc. Islamiah Library ,
300 ## - PHYSICAL DESCRIPTION
Pagination 172 p. ;
Size 25 cm.
650 ## - SUBJECT ADDED ENTRY--TOPICAL TERM
Topical term or geographic name as entry element Muʿallaqāt.
9 (RLIN) 249545
Topical term or geographic name as entry element Arabic Poetry
9 (RLIN) 249546
942 ## - ADDED ENTRY ELEMENTS (KOHA)
Source of classification or shelving scheme Dewey Decimal Classification
Koha item type Books
Holdings
Lost status Source of classification or shelving scheme Damaged status Not for loan Collection code Permanent Location Current Location Shelving location Date acquired Total Checkouts Full call number Date last seen Copy number Koha item type
  Dewey Decimal Classification   Not For Loan Non-fiction Central Library, University of Rajshahi Central Library, University of Rajshahi Reading Room 17/01/2024   U 892.71 ISS 1941 17/01/2024 C-1 Books